Statystyki dla Decydujące bitwy starożyności

Kliknij tutaj aby rozwiązać quiz!

Ogólne statystyki

  • Ten quiz został rozwiązany 157 razy
  • Średni wynik to 4 z 13

Statystyki odpowiedzi

HintOdpowiedź% Poprawnych
480 p.n.e. Persja| GrecjaBitwa pod Termopilami
82%
480 p.n.e. Flota grecka| Flota perskaBitwa pod Salaminą
73%
331 p.n.e.Macedonia i Związek koryncki| Persja i ScytowieBitwa pod Gaugamelą
54%
9 n.e. Plemiona germańskie| Imperium rzymskieBitwa w lesie Teutoborskim
47%
479 p.n.e Persja| GrecjaBitwa pod Platejami
43%
1274 p.n.e. Egipt| HetyciBitwa pod Kadesz
35%
451 n.e. Imperium rzymskie| HunowieBitwa na polach Katalaunijskich (Chalons)
29%
326 p.n.e. Macedonia| Księstwo indyjskieBitwa nad rzeką Hydaspes
16%
207 p.n.e. Republika rzymska| KartaginaBitwa nad rzeka Metaurus
16%
53 r p.n.e. Republika rzymska| Królestwo PartówBitwa pod Carrhae
16%
214- 212 p.n.e. Republika rzymska| KartaginaOblężenie Syrakuz
8%
208 n.e. Zjednoczone siły watażków Liu Beia i Sun Quana| siły watażki Cao CaoBitwa o Czerwone Klify (Chibi)
3%
262- 260 p.n.e. Państwo Qin| Państwo ZhaoBitwa o Changping
1%

Rozkład punktacji

Percentyl według liczby udzielonych odpowiedzi

Procent ludzi z każdym wynikiem

Twoja historia wyników

Nie rozwiązałeś tego quizu